| 000 | 00446cam a2200169ua 4500 | ||
|---|---|---|---|
| 041 |
_aeng _h |
||
| 082 |
_a631.8 _bRAG/US |
||
| 100 | _aRaghavan, D E . | ||
| 245 |
_aUse of fertilizers on food grains / _cD E Raghavan. _hTextual Documents |
||
| 260 |
_aNew Delhi : _bIndian Council for Agricultural Research , _c1963. |
||
| 300 | _a20 ; . | ||
| 504 | _a | ||
| 942 | _cBK | ||
| 999 |
_c9661 _d9661 |
||